Porífers i cnidaris - Estadísticas

Estadísticas generales
  • Esta prueba ha sido intentada 76 veces
  • La puntuación promedio es 19 de 20
Estadísticas de respuestas
Número Espècie % Correcto
21 Axinella verrucosa
100%
22 Cliona celata
100%
24 Sarcotragus foetidus
100%
25 Scalarispongia scalaris
100%
26 Spongia agaricina
100%
27 Spongia officinalis
100%
28 Suberites domuncula
100%
29 Sycon raphanus
100%
30 Tethya aurantium
100%
31 Actinia equina
92%
32 Alcyonium palmatum
92%
39 Aurelia aurita
92%
34 Corallium rubrum
92%
23 Euplectella aspergillum
92%
37 Pelagia noctiluca
92%
38 Physalia physalis
92%
40 Velella velella
92%
33 Calliactis parasitica
83%
35 Cotylorhiza tuberculata
83%
36 Rhizostoma pulmo
83%
No se encontraron pruebas coincidentes
Distribución de puntuación
Porcentaje de gente con cada puntuación
Porcentaje por número respondido
Historial de tus puntuaciones
No has intentado esta prueba.